000 00744nas a2200241 i 4500
001 577
003 ES-MaACL
005 20250814224215.0
007 t|
008 950801d19501958fr | | 1 ||re d
080 _a44
245 0 0 _aBulletin international des sciences sociales.
260 _aParis :
_bUNESCO,
_c1950-1958.
300 _a1 v. ;
_c24 cm.
310 _aTrimestral
362 0 _aVol. 2, n. 1 (1950)-v. 10, n.4 (1958)
500 _aA partir del n. 114 (dic. 1987) se recibe la ed. en español con el tít. : Revista internacional de ciencias sociales.
650 1 7 _aCiencias sociales
_2embne
_910988
710 2 _aUnesco.
_96999
852 _aES-MaACL
_jHEM-H-305
_xHem-1475
_d
866 0 _o1954.
999 _c577
_d577